AluTeam-AMAG Vertriebsgesellschaft mbH. Neuverteilung der Aufgaben zu Messeplanung und -durchführung.
Praktický príklad plánovania a realizácie koncepcie výstavných trhov v súlade s cieľmi marketingu. Veľtrhy v Alu-Team-e od r. 1987. Organizácia veľtrhov doma a v zahraničí. Od vytvárania image ku marketingu zameranému na špecifické potreby zákazníkov. Analýza rizika pri jednotlivých formách výstavný...
Gespeichert in:
| 1. Verfasser: | |
|---|---|
| Format: | Buchkapitel |
| Sprache: | Deutsch |
| Schlagworte: | |
| Tags: |
Keine Tags, Fügen Sie das erste Tag hinzu!
|
MARC
| LEADER | 00000naa a2200000 4500 | ||
|---|---|---|---|
| 001 | r003021 | ||
| 005 | 20220819193646.3 | ||
| 041 | 0 | |a ger | |
| 044 | |a DE | ||
| 245 | 1 | 0 | |a AluTeam-AMAG Vertriebsgesellschaft mbH. |b Neuverteilung der Aufgaben zu Messeplanung und -durchführung. |c K. Reinitzhuber |
| 520 | |a Praktický príklad plánovania a realizácie koncepcie výstavných trhov v súlade s cieľmi marketingu. Veľtrhy v Alu-Team-e od r. 1987. Organizácia veľtrhov doma a v zahraničí. Od vytvárania image ku marketingu zameranému na špecifické potreby zákazníkov. Analýza rizika pri jednotlivých formách výstavných trhov. Nová koncepcia deľby práce vo výstavnej a odbytovej činnosti. | ||
| 610 | 2 | 0 | |a veľtrhy |
| 610 | 2 | 0 | |a marketing |
| 610 | 2 | 0 | |a AluTeam-AMAG |
| 610 | 2 | 0 | |a odbyt |
| 610 | 2 | 0 | |a imidž |
| 610 | 2 | 0 | |a riziko |
| 610 | 2 | 0 | |a zákazníci |
| 610 | 2 | 0 | |a koncepcie |
| 610 | 2 | 0 | |a Nemecko |
| 100 | 1 | |a Reinitzhuber, K. | |